| 000 | 00566nam a2200217Ia 4500 | ||
|---|---|---|---|
| 005 | 20260429112027.0 | ||
| 008 | 260429s9999||||xx |||||||||||||| ||und|| | ||
| 020 | _a9783662701065 | ||
| 041 | _aEnglish | ||
| 082 |
_a511.5 _bDIE |
||
| 100 | _aDiestel, Reinhard | ||
| 245 | 0 |
_aGraph theory / _cReinhard Diestel |
|
| 250 | _a6th ed. | ||
| 260 |
_aGermany : _bSpringer, _c2025. |
||
| 300 | _axx, 454 p.; hb | ||
| 440 | _aGraduate texts in mathematics | ||
| 650 | _a Graph theory | ||
| 650 | _a Mathematical principles | ||
| 650 | _aMathematics | ||
| 942 | _cTB | ||
| 999 |
_c51963 _d51963 |
||